000 01371 a2200289 4500
010 _aENG-89270-72
020 _c250.00 (v.1)
020 _c250.00 ((v.2)
020 _c500.00 (v.3)
035 _aEN-72803-05
037 _bDBAD / PUB
082 1 4 _a230.22
090 _c10673
_d10673
100 _aYati Maharaj
245 1 _aSrimad Bhagavatam :
_bof Sri Krishnadvaipayana Vyasa with purport following the commentary of Sri Vishvanatha Chakravarty & the annotation of Srimad Bhakti Siddhanta Saraswati Goswami Thakur /
_c by Sri B.P.Yati Maharaj
250 _a2nd ed
260 _aNadia(W.B.)
_bMayapur Sri Chaitanya Math
_c2004
270 _a70-B, Rash Behari Avenue,
_bKolkata
_cWest Bengal
_e700 026
300 _a3 V. (c, 645p.; iii, 634p.; xvi, 1203p.)
_c22cm (Hb)
500 _aThis book published in 3 parts
505 _av.1 - contains Bh. Skandha 1 to 4; v.2 - Contains Bh. Skandhas 5 to 9; v.3 - contains Bh. Skandhas 10 to 12
700 _aYati Maharaj
942 _adpl
_cEN
_k230.22 / YAT
999 _c10378
_d10378